000 00288nam a22001337a 4500
008 170921b xxu||||| |||| 00| 0 eng d
020 _a2900805321813
041 _aeng
080 _29TH
_a78
100 _a45
101 _aMUZ
245 _aDANCE A WHILE
_cPITTMAN,A.M
942 _2udc
_cBK
999 _c28837
_d28837